Schaum's outline of theory and problems of immunology / (Record no. 16453)
[ view plain ]
| 000 -LEADER | |
|---|---|
| fixed length control field | 01127nam a22003254a 4500 |
| 005 - DATE AND TIME OF LATEST TRANSACTION | |
| control field | 20190103122624.0 |
| 008 - FIXED-LENGTH DATA ELEMENTS--GENERAL INFORMATION | |
| fixed length control field | 010926s2002 nyua 001 0 eng |
| 010 ## - LCCN (DPL NO) | |
| LC control number | ENG-91245 |
| 020 ## - INTERNATIONAL STANDARD BOOK NUMBER | |
| International Standard Book Number | 9780070262232 |
| Terms of availability | 295.00 |
| 035 ## - SYSTEM CONTROL NUMBER | |
| System control number | EN-74778, B-148298 |
| 037 ## - SOURCE OF ACQUISITION | |
| Source of stock number/acquisition | DBAD /PUB |
| 040 ## - CATALOGING SOURCE | |
| Original cataloging agency | dpl |
| Language of cataloging | English |
| 042 ## - AUTHENTICATION CODE | |
| Authentication code | pcc |
| 050 ## - LIBRARY OF CONGRESS CALL NUMBER | |
| DPL Classification number | QR182.55 |
| 082 ## - DEWEY DECIMAL CLASSIFICATION NUMBER | |
| Classification number | 616.079 |
| 100 ## - MAIN ENTRY--PERSONAL NAME | |
| Personal name | Pinchuk, George. |
| 245 ## - TITLE STATEMENT | |
| Title | Schaum's outline of theory and problems of immunology / |
| Statement of responsibility, etc | by George Pinchuk. |
| 246 ## - VARYING FORM OF TITLE | |
| Title proper/short title | Theory and problems of immunology |
| 246 ## - VARYING FORM OF TITLE | |
| Title proper/short title | Immunology |
| 260 ## - PUBLICATION, DISTRIBUTION, ETC. (IMPRINT) | |
| Place of publication, distribution, etc | New Delhi |
| Name of publisher, distributor, etc | Tata McGraw-Hill Publishing |
| Date of publication, distribution, etc | 2009 |
| 300 ## - PHYSICAL DESCRIPTION | |
| Extent | Various pagings |
| Other physical details | ill. ; |
| Dimensions | 24 cm (pbk) |
| 490 ## - SERIES STATEMENT | |
| Series statement | Schaum's outline series |
| 500 ## - GENERAL NOTE | |
| General note | Includes index. |
| 650 ## - SUBJECT ADDED ENTRY--TOPICAL TERM | |
| Topical term or geographic name as entry element | Immunology |
| Form subdivision | Outlines, syllabi, etc. |
| 650 ## - SUBJECT ADDED ENTRY--TOPICAL TERM | |
| Topical term or geographic name as entry element | Allergy and Immunology |
| Form subdivision | Outlines. |
| 856 ## - ELECTRONIC LOCATION AND ACCESS | |
| Uniform Resource Identifier | <a href="http://www.loc.gov/catdir/bios/mh041/2001052198.html">http://www.loc.gov/catdir/bios/mh041/2001052198.html</a> |
| 856 ## - ELECTRONIC LOCATION AND ACCESS | |
| Uniform Resource Identifier | <a href="http://www.loc.gov/catdir/description/mh031/2001052198.html">http://www.loc.gov/catdir/description/mh031/2001052198.html</a> |
| 856 ## - ELECTRONIC LOCATION AND ACCESS | |
| Uniform Resource Identifier | <a href="http://www.loc.gov/catdir/toc/mh023/2001052198.html">http://www.loc.gov/catdir/toc/mh023/2001052198.html</a> |
| 942 ## - ADDED ENTRY ELEMENTS (KOHA) | |
| Source of classification or shelving scheme | Dewey Decimal Classification |
| Item type | English Books |
| Classification part | 616.079 |
| Call number suffix | PIN |
| Withdrawn status | Lost status | Source of classification or shelving scheme | Damaged status | Not for loan | Collection code | Home library | Current library | Date acquired | Source of acquisition | Cost, normal purchase price | Total Checkouts | Full call number | Barcode | Date last seen | Copy number | Cost, replacement price | Koha item type | Total Renewals |
|---|---|---|---|---|---|---|---|---|---|---|---|---|---|---|---|---|---|---|
| Dewey Decimal Classification | Not For Loan | Non-fiction | D.B.Act.Division | D.B.Act.Division | 10/10/2008 | DBAD / PUb | 295.00 | 616.079 PIN | EN-74778 | 10/10/2008 | 1 | 295.00 | English Books | |||||
| Dewey Decimal Classification | Non-fiction | Kasturba Gandhi Marg | Kasturba Gandhi Marg | 03/01/2019 | BPPD/PUB | 295.00 | 3 | 574.29 PIN | B-148298 | 30/03/2019 | 1 | 295.00 | English Books | 4 |
